000
00225nam a2200097Ia 4500
001
749705
005
20250826164440.0
008
250824s9999 xx 000 0 und d
245
0
_a
ZÜRAFA
_c
ANONİM
260
_b
KARATAY YAYINLARI
999
_c
749705
_d
749705